Quizzes
Events
Quiz Creation
Community
Videos
Private Events
Remove Ads
Sign In
Join for FREE
Feedback
Dark Mode
Quiz Categories
Sports
Geography
Music
Movies
Television
Just For Fun
Miscellaneous
History
Literature
Language
Science
Gaming
Entertainment
Religion
Holiday
For Kids
Quiz Lab
Recent
Popular Today
Quiz Kudos Today
Editor Picks
Curator Picks
Quizzes by...
Day
Popularity
Type
Ratings
Length
Year
Community
Subscriptions
Recent Discussions
Orange Saloon
Badges
Playlists
Quests
Create
Leaderboards
Showdown
Live 5
Trivia Bingo
Activity
Puzzle Library
Sporcle Events
Private Events
Virtual Trivia
Globe League
Become a Host
Pub Owners
SporcleCon
Opinionation
Our Games
Videos
Blog
Mobile Apps
Partnerships
Remove Ads and Go Orange
Feedback
Music
Pop Music
The Beatles
Song
Album
Lyrics
Bands
Singers
Artist
Clip
Rock
Rap
Classical
Billboard
Country Music
Kpop
Taylor Swift
Music
Pop Music
The Beatles
Song
Album
Lyrics
Bands
Singers
Artist
Clip
Rock
Rap
Classical
Billboard
Country Music
Kpop
Taylor Swift
Random Quiz
Search Sporcle
×
Quiz Lab
Quiz Lab
Music
Rock
Type in answers that appear in a list
Type in answers that appear in a list
Classic
Best Score? Go Orange.
50 Albums That Built Prog Rock (Classic Rock Magazine) Stats
Can you name the 50 Albums That Built Prog Rock (Classic Rock Magazine)?
By
Xonty
12m
50 Questions
478 Plays
478 Plays
478 Plays
Comments
Comments
Give Quiz Kudos
Give Quiz Kudos
-
- Ratings
hide this ad
Forced Order
Answers have to be entered in order
Answers have to be entered in order
Replay
Link that replays current quiz
Next Quiz
Link to next quiz in quiz playlist
You Got
0%
They Got
Avg Score
44%
Avg Friend Score
Upgrade to see
Score Distribution
Jump to the score distribution portion of the page
Score
0/50
Timer
12:00
0
Plays Today
Band Name
Album Name
% Correct
The Beatles
Sgt. Pepper's Lonely Hearts Club Band
87.3%
King Crimson
In The Court Of The Crimson King
87.1%
The Beach Boys
Pet Sounds
86.1%
Pink Floyd
Dark Side Of The Moon
83.5%
Jethro Tull
Aqualung
79.1%
Pink Floyd
The Piper At The Gates Of Dawn
76.6%
Yes
Fragile
73.6%
Mike Oldfield
Tubular Bells
72.4%
Genesis
Selling England By The Pound
69%
Emerson, Lake & Palmer
Tarkus
67.1%
Genesis
Foxtrot
67.1%
Emerson, Lake & Palmer
Brain Salad Surgery
62.7%
Radiohead
OK Computer
60.8%
Frank Zappa & The Mothers Of Invention
Freak Out!
54%
Supertramp
Crime Of The Century
52.5%
Peter Gabriel
Peter Gabriel
50.8%
The Moody Blues
Days Of Future Passed
50.4%
Rush
A Farewell To Kings
49.8%
Kraftwerk
Autobahn
49.2%
Asia
Asia
48.1%
Kansas
Leftoverture
47%
Gentle Giant
Octopus
46.6%
Yes
90125
43.7%
Caravan
In The Land Of Grey And Pink
41.4%
Marillion
Misplaced Childhood
37.6%
Band Name
Album Name
% Correct
Camel
Moonmadness
37.3%
Queensrÿche
Operation: Mindcrime
37.1%
Procol Harum
Procol Harum
36.7%
Electric Light Orchestra
Eldorado
35.7%
Rick Wakeman
Journey To The Centre Of The Earth
35%
Opeth
Blackwater Park
34.2%
Soft Machine
Volume 2
33.8%
The Mars Volta
De-Loused in the Comatorium
31.9%
Mahavishnu Orchestra
Birds Of Fire
31.6%
Focus
Moving Waves
31%
Porcupine Tree
Deadwing
27.6%
Van Der Graaf Generator
The Least We Can Do Is Wave At Each Other
26.8%
Muse
Black Holes And Revelations
25.9%
Kate Bush
The Kick Inside
25.1%
Gong
Angel's Egg
24.5%
Magma
Magma
24.3%
Renaissance
Scheherazade And Other Stories
24.3%
Fairport Convention
Liege & Lief
21.1%
Mastodon
Crack The Skye
20.9%
The Nice
The Thoughts Of Emerlist Davjack
20.7%
The Alan Parsons Project
Tales Of Mystery And Imagination
20.5%
Dream Theater
When Dream And Day Unite
19.6%
Curved Air
Air Conditioning
19.2%
Hawkwind
Warrior On The Edge Of Time
17.9%
Barclay James Harvest
Once Again
11.8%
Quiz Playlist
Details
Report
Send in Message
Add To Playlist
Classic:
Type in answers that appear in a list
Forced Order:
Answers have to be entered in order
Quiz Source
Last Updated: Feb 16, 2017
Quiz Scoreboard
CHALLENGE
Sign Up to Join the Scoreboard
Show All
Scores
Hide
Comments
May contain spoilers
Recently Published
Presidents Visiting Landmarks
by Hejman
History
7m
An Introduction to Baseball
by treessimontrees
Sports
5m
Movies - When Are They Set?
by FPL_Elf
Movies
5m
More to Explore
Quiz From the Vault
Featured Blog Post
Where Did the Easter Bunny Come From?
hide this ad
You Might Also Like...
Tags
Album Quiz
Rock Quiz
classic
Classic Rock
prog
Progressive
Progressive Rock
Top 50
Today's Top Quizzes in Music
Browse Music
hide this ad
Today's Top Quizzes in Rock
Browse Rock
Top Contributed Quizzes in Music
1
Taylor Swift All Songs (2024)
2
Guess the Artist- 70s Songs
3
One Thing in Common: Music
4
KPOP LOGIC QUIZ
5
2010s Album by Cover III
6
Taylor Swift Logic Puzzle
7
Guess the Taylor Swift song (Mystery Song)
8
7-to-1: Billboard Hot 100 #1 Hits of 2010s
9
2010s Album by Cover IV
10
2010s Album by Cover V
Explore More
Trending Topics
Harry Potter
Marvel
Crossword
NBA
Anime
Kpop
Disney
The Office
NFL
WWE
Song
Puzzle
Soccer
Pokémon
Country
hide this ad
More By:
Xonty
Quiz
Plays
Rating
Category
Featured
Created
Top 100 Prog Rock Albums (rateyourmusic)
758
5.00
Music
Dec 8, 2013
50 Albums That Built Prog Rock (Classic Rock Magazine)
478
4.00
Music
Aug 17, 2013
40 Cosmic Prog Rock Albums (Q Magazine)
265
5.00
Music
Aug 17, 2013
Top 100 Prog Rock Albums
241
5.00
Music
Jul 29, 2013
Prog Album Closing Lyrics I
151
5.00
Music
Jan 19, 2014
Go to Creator's Profile
Score Distribution
Quiz Creator Spotlight
Xonty
Follow
Send a Message
Quizzes Created
-
Created Quiz Play Count
-
More By This Creator
Popular Quizzes Today
1
Find the Countries of Europe - No Outlines Minefield
2
Find the US States - No Outlines Minefield
3
The Countries of the World
4
Popular People in 1961
5
Find the US States
6
US States
7
Risky Map Clicking: Biggest States A-Z
8
1-10 Letter E Words III
More Music Quizzes
Opening Lyrics III
Published
Trending Quizzes
Risky Map Clicking: Least Populous States A-Z
1-10 Letter F Words
1-10 Letter G Words
One Thing in Common: United Kingdom
Risky Map Clicking: Next State Alphabetically
Recently Updated
Leaping Animals
pecheneg
Reality TV Shows (A-Z)
bhenderson79
Rickey Henderson's Hall of Fame Teammates
pecheneg
Champions League XIs: Arsenal
pecheneg
Quick Pick: Celebrities in WWE's Hall of Fame
aduchscher
A-Z Keypad Blitz II
pecheneg
Multiple Oscar Actors
pecheneg
Mystery Phrase Blitz: Oscar 'Best Actors'
pecheneg
F. Scott Fitzgerald Novels
LTH
Pick 3 Villains
ddd62291
Trending Topics
Disney
Marvel
Harry Potter
Crossword
Kpop
NBA
Anime
The Office
WWE
Country
Pokémon
NFL
Song
Soccer
Puzzle
Your Account Isn't Verified!
In order to create a playlist on Sporcle, you need to verify the email address you used during registration. Go to your
Sporcle Settings
to finish the process.
Report this User
Report this user for behavior that violates our
Community Guidelines
.
Details:
Send Report
Go to the Sporcle.com Mobile Site →
Comments